Vista normal
Vista MARC
Entrada Término de materia
Número de registros utilizados en: 17
001 - NÚMERO DE CONTROL
- Campo de control: 27140
003 - IDENTIFICADOR DE NÚMERO DE CONTROL
- Campo de control: ES-MaCES
005 - FECHA Y HORA DE LA ULTIMA MODIFICACION
- Campo de control: 19981120142300.0
008 - ELEMENTOS DE DATOS DE LONGITUD FIJA
- Campo de longitud fija: 981120 | azznnbabn || ana d
035 ## - NÚMERO DE CONTROL DEL SISTEMA
- Número de control del sistema: (ILOT)1014
035 ## - NÚMERO DE CONTROL DEL SISTEMA
- Número de control del sistema: CES19980005500s
040 ## - FUENTE DE LA CATALOGACIÓN
- Agencia original de catalogación: ES-MaCES
- Idioma de catalogación: spa
- Agencia de transcripción: ES-MaCES
072 #7 - CÓDIGO DE CATEGORIA DE MATERIA
- Código de categoría temática: 03.04.9
- Fuente del código: ilot
150 ## - ENCABEZAMIENTO--MATERIA
- Término de materia o geográfico como elemento de entrada: empresa extranjera
550 ## - TRAZADO VEÁSE ADEMÁS--MATERIA
- Término de materia o nombre geográfica como elemento de entrada: indigenización
550 ## - TRAZADO VEÁSE ADEMÁS--MATERIA
- Término de materia o nombre geográfica como elemento de entrada: trabajador expatriado
550 ## - TRAZADO VEÁSE ADEMÁS--MATERIA
- Subcampo de control: g
- Término de materia o nombre geográfica como elemento de entrada: empresa
750 #7 - ENTRADA DE ENLACE DE ENCABEZAMIENTO ESTABLECIDO--MATERIA
- Término de materia o nombre geográfico como elemento de entrada: entreprise étrangère
- Fuente del encabezamiento o término: tbit
750 #7 - ENTRADA DE ENLACE DE ENCABEZAMIENTO ESTABLECIDO--MATERIA
- Término de materia o nombre geográfico como elemento de entrada: foreign enterprise
- Fuente del encabezamiento o término: ilot
901 ## - CES. DATOS SIRTEX
- ID Sirtex (N5N8): 0007700000550
- 005BIS Sirtex: 199811201423BATCH

